Practising The Power Of Now : (Record no. 22100)

MARC details
000 -LEADER
fixed length control field 00772nam a22002537a 4500
003 - CONTROL NUMBER IDENTIFIER
control field IBSLLIB
005 - DATE AND TIME OF LATEST TRANSACTION
control field 20260511083707.0
008 - FIXED-LENGTH DATA ELEMENTS--GENERAL INFORMATION
fixed length control field 260511b |||||||| |||| 00| 0 eng d
020 ## - INTERNATIONAL STANDARD BOOK NUMBER
International Standard Book Number 9781444703863
040 ## - CATALOGING SOURCE
Original cataloging agency ISBLLIB
Language of cataloging English
041 ## - LANGUAGE CODE
Language code of original Eng
082 ## - DEWEY DECIMAL CLASSIFICATION NUMBER
Classification number 158.1
Item number TOL
100 ## - MAIN ENTRY--PERSONAL NAME
Personal name Tolle , Eckhart
245 ## - TITLE STATEMENT
Title Practising The Power Of Now :
Remainder of title Essential teachings, meditations, and exercises from the power of now
260 ## - PUBLICATION, DISTRIBUTION, ETC. (IMPRINT)
Place of publication, distribution, etc. London :
Name of publisher, distributor, etc. Hodder and Stoughton ,
Date of publication, distribution, etc. 2001
300 ## - PHYSICAL DESCRIPTION
Extent 136 p ;
Dimensions 21 cm
505 ## - FORMATTED CONTENTS NOTE
Formatted contents note Accessing the power of now
505 ## - FORMATTED CONTENTS NOTE
Formatted contents note Relationship as spiritual practice
505 ## - FORMATTED CONTENTS NOTE
Formatted contents note Acceptance and surrender
653 ## - INDEX TERM--UNCONTROLLED
Uncontrolled term Being and Enlightenment
653 ## - INDEX TERM--UNCONTROLLED
Uncontrolled term Enlightened relationship
653 ## - INDEX TERM--UNCONTROLLED
Uncontrolled term Transforming illness
942 ## - ADDED ENTRY ELEMENTS (KOHA)
Koha item type Lending Book
Holdings
Withdrawn status Lost status Damaged status Not for loan Collection code Permanent Location Current Location Shelving location Date acquired Source of acquisition Inventory number Full call number Barcode Koha item type
        Lending Collection IBSL Library IBSL Library Lending Section 30/04/2026 Donation 10893 158.1 TOL 10893 Lending Book
Copyright © 2024 IBSL Library, All rights reserved.
mail to: library@ibsl.lk | Contact: 0112425735 | Library Address: IBSL Library, 80A, Elvitigala Mawatha, Colombo 008